Cestovný ruch na Slovensku počas II. svetovej vojny a v prvých rokoch jej skončení

Objektívny pohľad na vývoj cestovného ruchu na Slovensku počas II.svetovej vojny a v prvých rokoch po jej skončení, resp. po nastolenie komunistického režimu vo februári 1948. Stručná charakteristika vývoja cestovného ruchu v období Československej republiky v rokoch 1918-1938 a politickej situácie...

Descrizione completa

Salvato in:
Dettagli Bibliografici
Autore principale: Piteková, Jana
Natura: Capitolo di libro
Lingua:slovacco
Soggetti:
Tags: Aggiungi Tag
Nessun Tag, puoi essere il primo ad aggiungerne!!

MARC

LEADER 00000naa$a2200000$$$4500
001 0041078
005 20231107105901.4
041 0 |a slo 
044 |a CZ 
245 1 0 |a Cestovný ruch na Slovensku počas II. svetovej vojny a v prvých rokoch jej skončení  |c Jana Piteková 
520 |a Objektívny pohľad na vývoj cestovného ruchu na Slovensku počas II.svetovej vojny a v prvých rokoch po jej skončení, resp. po nastolenie komunistického režimu vo februári 1948. Stručná charakteristika vývoja cestovného ruchu v období Československej republiky v rokoch 1918-1938 a politickej situácie na Slovensku počas II.svetovej vojny a v prvých rokoch po jej skončení. Zákon o cestovnom ruchu a jeho uplatňovanie v praxi. Organizácia a propagácia cestovného ruchu na Slovensku v rokoch 1939-1945. 
610 2 0 |a história 
610 2 0 |a Slovensko 
610 2 0 |a ruch cestovný 
610 2 0 |a situácia hospodárska 
610 2 0 |a politika ruchu cestovného 
610 2 0 |a propagácia 
100 1 |a Piteková, Jana